TB. OF BLOOD BANK AND TRANSFUS IN MEDICINE (Record no. 1338)

MARC details
000 -LEADER
fixed length control field 00356nam a2200145Ia 4500
008 - FIXED-LENGTH DATA ELEMENTS--GENERAL INFORMATION
fixed length control field 150201s2006 xx 000 0 und d
082 ## - DEWEY DECIMAL CLASSIFICATION NUMBER
Classification number 616.07
Item number B06G
100 ## - MAIN ENTRY--PERSONAL NAME
Personal name GUPTE , SATISH
245 ## - TITLE STATEMENT
Title TB. OF BLOOD BANK AND TRANSFUS IN MEDICINE
250 ## - EDITION STATEMENT
Edition statement 1ST
260 ## - PUBLICATION, DISTRIBUTION, ETC. (IMPRINT)
Name of publisher, distributor, etc. JAYPEE
Place of publication, distribution, etc. DELHI
Date of publication, distribution, etc. 2006
300 ## - PHYSICAL DESCRIPTION
Extent 1-198
650 ## - SUBJECT ADDED ENTRY--TOPICAL TERM
Topical term or geographic name as entry element PATHOLOGY
942 ## - ADDED ENTRY ELEMENTS (KOHA)
Source of classification or shelving scheme Dewey Decimal Classification
Koha item type Books
Koha issues (borrowed), all copies 2
Holdings
Withdrawn status Lost status Source of classification or shelving scheme Damaged status Not for loan Collection code Home library Current library Shelving location Date acquired Source of acquisition Cost, normal purchase price SGTU Bill Number Total Checkouts Full call number Barcode Date last seen Bill Date Koha item type Date last checked out
    Dewey Decimal Classification     MEDICAL SGT Medical Library SGT Medical Library Text Book 16/01/2012 JAYPEE 175.00 SGTU 9046   616.07 B06G FM4951 09/02/2015 23/01/2012 Books  
Withdrawn   Dewey Decimal Classification     MEDICAL SGT Medical Library SGT Medical Library Text Book 16/01/2012 JAYPEE 175.00 SGTU 9046   616.07 B06G FM4952 09/02/2015 23/01/2012 Books  
    Dewey Decimal Classification     MEDICAL SGT Medical Library SGT Medical Library Text Book 16/01/2012 JAYPEE 175.00 SGTU 9046   616.07 B06G FM4953 09/02/2015 23/01/2012 Books  
    Dewey Decimal Classification     MEDICAL SGT Medical Library SGT Medical Library Text Book 16/01/2012 JAYPEE 175.00 SGTU 9046 1 616.07 B06G FM4954 19/12/2016 23/01/2012 Books 12/12/2016
    Dewey Decimal Classification     MEDICAL SGT Medical Library SGT Medical Library Text Book 16/01/2012 JAYPEE 175.00 SGTU 9046 4 616.07 B06G FM4955 12/03/2026 23/01/2012 Books 12/03/2026